SHORT AND OSCE CASES IN INTERNAL MEDICINE: CLINICAL EXAMS FOR PACES, MRCPI, ARAB BOARD AND SIMILAR EXAMS (Record no. 216913)

MARC details
000 -LEADER
fixed length control field 00653nam a22001937a 4500
008 - FIXED-LENGTH DATA ELEMENTS--GENERAL INFORMATION
fixed length control field 260401b |||||||| |||| 00| 0 eng d
020 ## - INTERNATIONAL STANDARD BOOK NUMBER
International Standard Book Number 978-1-78779-124-4
050 ## - LIBRARY OF CONGRESS CALL NUMBER
Classification number RC 46 .I 27 2020
100 ## - MAIN ENTRY--PERSONAL NAME
Personal name IBRAHIM, WANIS H
245 ## - TITLE STATEMENT
Title SHORT AND OSCE CASES IN INTERNAL MEDICINE: CLINICAL EXAMS FOR PACES, MRCPI, ARAB BOARD AND SIMILAR EXAMS
250 ## - EDITION STATEMENT
Edition statement 2
260 ## - PUBLICATION, DISTRIBUTION, ETC.
Place of publication, distribution, etc. LONDON,
Name of publisher, distributor, etc. JAYPEE BROTHERS MEDICAL PUBLISHERS,
Date of publication, distribution, etc. 2020,
300 ## - PHYSICAL DESCRIPTION
Extent XVi, 286 P, ILL
500 ## - GENERAL NOTE
General note INCLUDES BIBLIOGRAPHICAL REFERENCES AND INDEX
650 ## - SUBJECT ADDED ENTRY
Topical term or geographic name entry element INTERNAL MEDICINE-CASE STUDIES
700 ## - ADDED ENTRY--PERSONAL NAME
Personal name FOWARD BY RAYAZ A MALIK
942 ## - ADDED ENTRY ELEMENTS (KOHA)
Source of classification or shelving scheme Library of Congress Classification
Koha item type Long Loan Book
Holdings
Withdrawn status Lost status Source of classification or shelving scheme Damaged status Not for loan Collection Home library Current library Shelving location Date acquired Inventory number Total checkouts Full call number Barcode Date last seen Date last checked out Copy number Price effective from Koha item type
    Library of Congress Classification     Medicine Kisii University Library Kisii University Library On Display 04/01/2026 112699 1 RC 46 .I 27 2020 A000530 04/29/2026 04/21/2026 1 04/01/2026 Long Loan Book
    Library of Congress Classification     Medicine Kisii University Library Kisii University Library On Display 04/01/2026 112700   RC 46 .I 27 2020 A000542 04/01/2026   2 04/01/2026 Long Loan Book
    Library of Congress Classification     Medicine Kisii University Library Kisii University Library On Display 04/01/2026 112701   RC 46 .I 27 2020 A000529 04/01/2026   3 04/01/2026 Long Loan Book
    Library of Congress Classification     Medicine Kisii University Library Kisii University Library On Display 04/01/2026 112702   RC 46 .I 27 2020 A000539 04/01/2026   4 04/01/2026 Long Loan Book